000 00562nam a22001937a 4500
008 151015b xxu||||| |||| 00| 0 eng d
020 _a9780324542752
020 _a0324542755
041 0 _aeng
080 _a658.3
100 1 _aMathis, Robert L.,
245 1 0 _aHuman resource management /
_cRobert L. Mathis, John H. Jackson.
250 _a12th ed.
260 _aMason, OH :
_bThomson/South-western,
_c2008.
300 _axxix, 592 f. :
_bme il.;
_c27 cm.
650 0 _aMenaxhimi i burimeve njerëzore
700 _aJackson, John Harold.
942 _2udc
_cBK
999 _c1306
_d1306